000 00621nam a22002057a 4500
003 KOHA_MİRAKIL
005 20260416100134.0
008 260416b tu ||||| |||| 00| 0 tur d
020 _a9789755339337
040 _aTR-AnABB
_btur
_cTR-AnABB
041 _atur
082 _a927.914 302 33
_bCAK 2019
100 1 _aÇakmakçı, Aytekin
245 1 0 _aGüneşe lamba yakan adam /
_cAytekin Çakmakçı
260 _aAnkara :
_bİmge Kitabevi yayınları,
_c2019
300 _a229 sayfa ;
_c20 cm
650 0 4 _aBiyografiler, Sinema sanatçıları
900 _bCan ÇELIK
942 _2ddc
_cBK
999 _c10293
_d10293